[Event "Yerevan"]
[Site "Yerevan"]
[Date "1989.??.??"]
[Round "?"]
[White "Akopian, Vladimir"]
[Black "Lputian, Smbat G"]
[Result "1/2-1/2"]
[WhiteElo "2520"]
[BlackElo "2610"]

1.e4 e6 2.d4 d5 3.Nd2 c5 4.exd5 exd5 5.Ngf3 Nc6 6.Bb5 Bd6 7.dxc5 Bxc5 8.O-O Ne7
9.Nb3 Bd6 10.Re1 O-O 11.Bd3 Bc7 12.Be3 h6 13.h3 Re8 14.Qd2 Qd6 15.Qc3 Be6
16.Bc5 Qd7 17.Nfd4 Rac8 18.Nxe6 fxe6 19.Qd2 b6 20.Ba3 Ne5 21.Ba6 Rb8 22.c4 N7c6
23.Rad1 Qf7 24.cxd5 exd5 25.Bf1 Rbd8 26.Nd4 Nc4 27.Rxe8+ Qxe8 28.Qe2 Nxd4
29.Qxe8+ Rxe8 30.Rxd4 Re1 31.Bb4 Rb1 32.b3 a5 33.Be7 Kf7 34.Bh4 Nd6 35.Rxd5 Ke6
36.Rd2 g5 37.Re2+ Kd5 38.Bg3 Rd1 39.f3 b5 40.Rc2 Bb6+ 41.Bf2 Bd4 42.Bxd4 Kxd4
43.Kf2 b4 44.Be2 Ra1 45.Rd2+ Ke5 46.g3 Nf5 47.Bc4 Nd4 48.Ba6 Nf5 49.Bc8 Ne7
50.Bb7 h5 51.Rc2 Kd6 52.f4 gxf4 53.gxf4 Rd1 54.Be4 Nd5 55.Ke2 Rd4 56.Bxd5 Kxd5
57.Ke3 Rd1 58.Rg2 Re1+ 59.Kd3 Rd1+ 60.Ke3 Re1+ 61.Kf3 Rf1+ 62.Kg3 Ke4 63.Re2+ Kd3
64.Re5 a4 65.bxa4 h4+ 66.Kg4 Rf2 67.f5 Rxa2 68.f6 b3 69.Kg5 Rg2+ 70.Kxh4 b2
71.Rb5 Kc2 72.Kh5 Rf2 73.Kg6 Rg2+ 74.Kh6 Rf2 75.Kg7 Rg2+ 76.Kh6 Rf2 77.Kg7 Rg2+
78.Kh6 Rf2 79.Kg7 Rg2+ 80.Kf7 Rg3 81.Rxb2+ Kxb2 82.h4 Rh3 83.Kg6 Rxh4 84.f7 Rg4+
85.Kf5 Rg1 86.a5 Rf1+ 87.Ke6  1/2-1/2

[Event "New York op"]
[Site "New York"]
[Date "1990.??.??"]
[Round "9"]
[White "Epishin, Vladimir"]
[Black "Lputian, Smbat G"]
[Result "1/2-1/2"]
[WhiteElo "2550"]
[BlackElo "2545"]

1.d4 Nf6 2.Nf3 e6 3.c4 d5 4.Nc3 Be7 5.Bg5 h6 6.Bh4 O-O 7.e3 Ne4 8.Bxe7 Qxe7
9.Qc2 Nxc3 10.Qxc3 dxc4 11.Bxc4 b6 12.O-O Bb7 13.Be2 c5 14.dxc5 Rc8 15.b4 bxc5
16.bxc5 Nd7 17.Rfe1 Nxc5 18.Rab1 Ne4 19.Qb2 Bd5 20.a3 Qf8 21.Nd4 Rcb8 22.Qa1 Rxb1
23.Rxb1 Qe7 24.Qb2 Qc7 25.f3 Nc3 26.Re1 Nxe2+ 27.Nxe2 Qb6 28.Qxb6 axb6 29.e4 Bb3
30.Nd4  1/2-1/2

[Event "URS-chT"]
[Site "Podolsk"]
[Date "1990.??.??"]
[Round "?"]
[White "Lputian, Smbat G"]
[Black "Balashov, Yuri S"]
[Result "0-1"]
[WhiteElo "2545"]
[BlackElo "2535"]

1.d4 Nf6 2.c4 e6 3.Nf3 Bb4+ 4.Nbd2 O-O 5.a3 Be7 6.g3 b6 7.Bg2 Bb7 8.Qc2 c5
9.e4 cxd4 10.e5 Ng4 11.Ng5 Bxg5 12.Bxb7 Nc6 13.f4 Bxf4 14.Qe4 Bxd2+ 15.Bxd2 Ngxe5
16.Bxa8 Qxa8 17.b3 f5 18.Qg2 Nd3+ 19.Kd1 Nc5 20.Rb1 Ne4 21.Re1 Ne5 22.Kc2 d5
23.Bf4 Ng6 24.cxd5 Qxd5 25.Kb2 Nxf4 26.gxf4 d3 27.Ka1 d2 28.Red1 Qd4+ 29.Rb2 Rc8
30.Qg1 Qxg1  0-1

[Event "URS-chT"]
[Site "Podolsk"]
[Date "1990.??.??"]
[Round "?"]
[White "Sveshnikov, Evgeny"]
[Black "Lputian, Smbat G"]
[Result "1/2-1/2"]
[WhiteElo "2515"]
[BlackElo "2545"]

1.e4 c5 2.c3 e6 3.d4 d5 4.e5 Nc6 5.Nf3 Qb6 6.a3 Bd7 7.b4 cxd4 8.cxd4 Rc8
9.Be2 Nge7 10.O-O Nf5 11.Bb2 Be7 12.Qd2 O-O 13.Rd1 f6 14.Nc3 fxe5 15.dxe5 Be8
16.Rac1 Bh5 17.Na4 Qd8 18.Nc5 Bxc5 19.Rxc5 Nh4 20.Nxh4 Bxe2 21.Qxe2 Qxh4
22.Rdc1 a6 23.g3 Qg5 24.a4 Ra8 25.b5 axb5 26.axb5 Na5 27.Rc7 Nc4 28.h4 Qf5
29.Rxb7 Ra2 30.Rc2 Qxc2 31.Qxc2 Rxb2 32.Qc1 Rfxf2 33.Rb8+ Kf7 34.Rb7+ Ke8
35.Qg5 Rg2+  1/2-1/2

[Event "CHN-CIS"]
[Site "Beijing"]
[Date "1991.??.??"]
[Round "?"]
[White "Ye Rongguang"]
[Black "Lputian, Smbat G"]
[Result "1/2-1/2"]
[WhiteElo "2515"]
[BlackElo "2570"]

1.c4 Nf6 2.Nc3 d5 3.cxd5 Nxd5 4.Nf3 g6 5.Qa4+ Bd7 6.Qh4 Nxc3 7.dxc3 Nc6 8.e4 e6
9.Qg3 f6 10.e5 fxe5 11.Bg5 Be7 12.h4 Bxg5 13.hxg5 Qe7 14.Nxe5 O-O-O 15.O-O-O Nxe5
16.Qxe5 Rhf8 17.f4 Rf5 18.Qe3 Kb8 19.g3 Re8 20.Rh2 a6 21.Rhd2 Bc8 22.Bh3 Ra5
23.Kb1 Rd5 24.a3 Qf7 25.Qe4 Red8 26.Kc1 R8d6 27.Bg2 Rxd2 28.Rxd2 Qd7 29.Rd4 Rxd4
30.Qxd4 Qxd4 31.cxd4 c6 32.b4 Kc7 33.Bf1 Kd6 34.Bc4 Bd7 35.Kd2 Bc8 36.Ke3 Bd7
37.g4 Bc8 38.Bf1 Bd7 39.a4 Bc8 40.a5 Bd7 41.Ke4 Be8 42.Bc4 Bd7 43.Bf1 Bc8
44.Bd3 Bd7  1/2-1/2

[Event "Cappelle op"]
[Site "Cappelle la Grande"]
[Date "1991.??.??"]
[Round "?"]
[White "Arkell, Keith C"]
[Black "Lputian, Smbat G"]
[Result "0-1"]
[WhiteElo "2450"]
[BlackElo "2565"]

1.d4 Nf6 2.Nf3 g6 3.c4 Bg7 4.Nc3 d5 5.Bg5 Ne4 6.cxd5 Nxg5 7.Nxg5 e6 8.Nf3 exd5
9.e3 O-O 10.b4 Qd6 11.a3 c6 12.Be2 a5 13.b5 c5 14.O-O Nd7 15.Ra2 Nb6 16.dxc5 Qxc5
17.Na4 Nxa4 18.Qxa4 Bf5 19.Rd2 Rfc8 20.Qb3 a4 21.Qa2 Qe7 22.Qxd5 Rc3 23.Qd6 Qxd6
24.Rxd6 Rxa3 25.Nd4 Bxd4 26.Rxd4 Rc3 27.Bf3 Ra5 28.Bxb7 a3 29.g4 Bd3 30.Ra1 Rxb5
31.Rxd3 Rxd3 32.Ba6 Rbb3 33.Bxd3 Rxd3 34.Kg2 Kf8 35.Kf3 Ke7 36.Ke4 Rb3 37.f4 Ke6
38.Ra2 f5+ 39.gxf5+ gxf5+ 40.Kd4 Rb4+ 41.Kc5 Rb3 42.Kd4 Kd6 43.Ra1 Rb4+ 44.Kc3 Re4
45.Re1 Re7 46.Kb3 Kd5 47.Ka2 Ke4 48.Rc1 Rd7 49.Rc5 Rd5 50.Rc7 Kxe3 51.Rxh7 Ra5
52.h4 Kxf4 53.Rg7 Ra6 54.Rg1 Rh6 55.Rh1 Kg3 56.Rg1+ Kxh4 57.Kxa3 f4 58.Kb3 Rc6  0-1

[Event "Cappelle op"]
[Site "Cappelle la Grande"]
[Date "1991.??.??"]
[Round "?"]
[White "Lanc, Alois"]
[Black "Lputian, Smbat G"]
[Result "1/2-1/2"]
[WhiteElo "2470"]
[BlackElo "2565"]

1.e4 e6 2.d4 d5 3.Nc3 Bb4 4.e5 c5 5.a3 Ba5 6.b4 cxd4 7.Nb5 Bc7 8.f4 Nh6 9.Bd3 a5
10.Nxc7+ Qxc7 11.b5 a4 12.Nf3 Nf5 13.Bb2 Nd7 14.Nxd4 Nc5 15.Qe2 O-O 16.O-O Nxd3
17.Qxd3 Qc4 18.Nxf5 exf5 19.Qxc4 dxc4 20.Bd4 Bd7 21.Rab1 Ra5 22.b6 Rc8 23.Rb4 Rd5
24.c3 Kf8 25.Kf2 Ke7 26.Ke3 Ra5 27.Rf3 Be6 28.Rf2 Kd7 29.Rd2 Kc6 30.Ke2 Rd8
31.Bf2 Rxd2+ 32.Kxd2 Kd5 33.Ke3 h6 34.h3 Ra8 35.Kf3 Kc6 36.g4 g6 37.Bd4 Ra5
38.gxf5 gxf5 39.Rb2 Ra8 40.Rb1 Rg8 41.Rg1 Bd5+ 42.Ke2 Rg2+ 43.Rxg2 Bxg2 44.h4 Kd5
45.Ke3 Bh3 46.e6 fxe6 47.Bg7 h5 48.Be5 Bg4 49.Bc7 Kc5 50.Bd8 Bd1 51.Bc7 Kd5
52.Bb8  1/2-1/2

[Event "Cappelle op"]
[Site "Cappelle la Grande"]
[Date "1991.??.??"]
[Round "?"]
[White "Lputian, Smbat G"]
[Black "Dumitrache, Dragos"]
[Result "1-0"]
[WhiteElo "2565"]
[BlackElo "2395"]

1.d4 Nf6 2.c4 c5 3.d5 d6 4.Nc3 g6 5.e4 Bg7 6.h3 O-O 7.Nf3 e6 8.Bd3 Re8 9.O-O exd5
10.cxd5 c4 11.Bc2 Na6 12.Be3 Bd7 13.a4 Qa5 14.Nd2 Rec8 15.Qb1 Nb4 16.Bd1 Nd3
17.Nxc4 Rxc4 18.Qxd3 Rac8 19.Bf3 Ne8 20.Rfc1 Rb4 21.Qd2 a6 22.Bd1 Bxc3 23.bxc3 Rxe4
24.Rcb1 Qxc3 25.Qxc3 Rxc3 26.Rxb7 Bc8 27.Rb6 Rc7 28.Bf3 Ree7 29.Be2 Ra7 30.Rab1 Reb7
31.a5 Kf8 32.Kh2 Ke7 33.Bg4 f5 34.Be2 Nc7 35.Rc1 Bd7 36.Bf3 Bb5 37.Bf4 Ne8
38.Be3 Rc7 39.Re1 Kd7 40.g4 Rcb7 41.gxf5 gxf5 42.Rg1 Kc8 43.Rg8 Rxb6 44.Bxb6 Re7
45.Rf8 Bd3 46.Bh5 Kd7 47.Bd1 Nc7 48.Ba4+ Bb5 49.Bb3 Bd3 50.Rb8 Re1 51.Rb7 Rc1
52.Ba4+ Bb5 53.Bxb5+ axb5 54.a6 Kc8 55.Bxc7 Rxc7 56.Rxb5 Kd7 57.Rb7  1-0

[Event "Cappelle op"]
[Site "Cappelle la Grande"]
[Date "1991.??.??"]
[Round "1"]
[White "Meissner, Hans Juergen"]
[Black "Lputian, Smbat G"]
[Result "0-1"]
[WhiteElo "2280"]
[BlackElo "2565"]

1.e4 e6 2.d4 d5 3.Nc3 Bb4 4.e5 c5 5.a3 Ba5 6.b4 cxd4 7.bxa5 dxc3 8.Qg4 g6
9.Nf3 Qxa5 10.Rb1 Nc6 11.Bd3 Qc7 12.O-O Bd7 13.Re1 O-O-O 14.h4 f6 15.Bf4 f5
16.Qg3 h6 17.Rb3 Na5 18.Rb4 Ne7 19.Nd4 Rh7 20.Qf3 Rg8 21.Bg3 Rf7 22.Bh2 a6
23.Reb1 Nec6 24.Nxc6 Bxc6 25.Qe3 g5 26.h5 f4 27.Qd4 Be8 28.Rb6 Re7 29.Rd6 Bb5
30.Rxb5 axb5 31.Bxb5 Kb8 32.Qb4 Nc4 33.Kh1 Nxe5 34.f3 Nc4 35.Bxc4 Qxc4 36.Qa5 Qc7
37.Rb6 d4 38.Bg1 Rd8 39.Qb4 d3  0-1

[Event "Cappelle op"]
[Site "Cappelle la Grande"]
[Date "1991.??.??"]
[Round "2"]
[White "Lputian, Smbat G"]
[Black "Boudre, Jean Pierre"]
[Result "1-0"]
[WhiteElo "2565"]
[BlackElo "2365"]

1.d4 d5 2.c4 c6 3.Nf3 Nf6 4.Nc3 e6 5.Bg5 h6 6.Bh4 dxc4 7.e4 g5 8.Bg3 Bb4
9.Bxc4 Nxe4 10.O-O Bxc3 11.bxc3 Nd7 12.Qd3 f5 13.Rae1 Ndf6 14.Ne5 O-O 15.f3 Nxg3
16.hxg3 Kg7 17.Re2 a5 18.a4 Qc7 19.g4 Nd5 20.Bxd5 cxd5 21.f4 Ra6 22.Re3 Qd8
23.Rh3 Rb6 24.Rh5 gxf4 25.Rxf4 Rg8 26.Rf3  1-0

[Event "Cappelle op"]
[Site "Cappelle la Grande"]
[Date "1991.??.??"]
[Round "6"]
[White "Lputian, Smbat G"]
[Black "Plachetka, Jan"]
[Result "1/2-1/2"]
[WhiteElo "2565"]
[BlackElo "2425"]

1.d4 Nf6 2.c4 e6 3.Nf3 d5 4.Nc3 Nbd7 5.cxd5 exd5 6.Bf4 Bb4 7.Rc1 c5 8.dxc5 Nxc5
9.Qd4 Qe7 10.Bg5 Ne6 11.Bxf6 Nxd4 12.Bxe7 Nxf3+ 13.gxf3 Kxe7 14.a3 Bxc3+
15.Rxc3 Be6 16.e3 Rac8 17.Rxc8 Rxc8 18.Kd2 Bf5 19.Bd3 Bxd3 20.Kxd3 Rc6 21.Rg1 g6
22.f4 Ke6 23.h4 a5 24.Rg5 Rc1 25.Re5+ Kd6 26.Re8 Rf1 27.Rb8 Kc6 28.Rc8+ Kd6
29.Rb8 Kc6 30.Rc8+ Kd6 31.Rb8  1/2-1/2

[Event "JUG-chT Cetinje"]
[Site "Cetinje"]
[Date "1991.??.??"]
[Round "2"]
[White "Govedarica, Radovan"]
[Black "Lputian, Smbat G"]
[Result "1/2-1/2"]
[WhiteElo "2445"]
[BlackElo "2565"]

1.d4 Nf6 2.Nf3 g6 3.g3 Bg7 4.Bg2 O-O 5.O-O d5 6.c4 Nc6 7.cxd5 Nxd5 8.Nc3 Nb6
9.e3 Re8 10.Qe2 e5 11.dxe5 Nxe5 12.Nxe5 Bxe5 13.Rd1 Qe7 14.Bd2 c6 15.Be1 Be6
16.e4 Rad8 17.Rxd8 Rxd8 18.Rd1 Bxc3 19.Rxd8+ Qxd8 20.Bxc3 Bxa2 21.Qf3 Be6
22.h4 Nd7 23.Qd3 f6 24.f4 Qe7 25.Kh2 a6 26.Qe3 c5 27.e5 b6 28.exf6 Nxf6 29.Kg1 Kf7
30.Bf3 h5 31.Qe5 Bc4 32.f5 Qxe5 33.Bxe5 gxf5 34.Bxf6 Kxf6 35.Bxh5 b5 36.Kf2 a5
37.Ke3 a4 38.Be8 Bf1 39.Bd7 Ke5 40.Be8 Kf6 41.Bd7 Bc4 42.Kd2 Ke5 43.Ke3 Kd6
44.Bxf5 b4 45.Kd2 Ke5 46.Bc2 a3 47.bxa3 bxa3 48.Kc3 Bf7 49.g4 Kf4 50.g5 Kg4
51.g6 Bg8 52.Ba4 c4 53.Bc2 a2 54.Kb2 c3+ 55.Ka1 Kxh4 56.Bb1 Kg5 57.Bxa2 Kf6
58.Bf7 Kg7 59.Kb1  1/2-1/2

[Event "EUCup Cheliabinsk-Yerevan"]
[Site "Cheliabinsk"]
[Date "1991.??.??"]
[Round "2"]
[White "Sveshnikov, Evgeny"]
[Black "Lputian, Smbat G"]
[Result "1/2-1/2"]
[WhiteElo "2540"]
[BlackElo "2570"]

1.e4 e6 2.d4 d5 3.e5 c5 4.c3 Nc6 5.Nf3 Qb6 6.a3 Bd7 7.b4 cxd4 8.cxd4 Rc8
9.Bb2 Na5 10.Nbd2 Nc4 11.Nxc4 dxc4 12.Rc1 a5 13.Nd2 axb4 14.Nxc4 Qd8 15.axb4 b5
16.Nd6+ Bxd6 17.exd6 Nf6 18.Rc5 Nd5 19.Bd3 O-O 20.O-O Qb6 21.Qh5 f5 22.Rfc1 Ra8
23.Qe2 Ra2 24.Bb1 Ra6 25.Bd3 Qxd6 26.Bxb5 Bxb5 27.Rxb5 Ra2 28.Ra5 Nf4 29.Qd2 Rxb2
30.Qxb2 Nd3 31.Qd2 Nxc1 32.Qxc1 Qxb4 33.Re5 Qxd4 34.Rxe6 Ra8  1/2-1/2

[Event "USA-op Los Angeles"]
[Site "Los Angeles"]
[Date "1991.??.??"]
[Round "?"]
[White "Lputian, Smbat G"]
[Black "Guevara, Martin"]
[Result "1/2-1/2"]
[WhiteElo "2570"]
[BlackElo "2265"]

1.d4 Nf6 2.c4 e6 3.Nf3 b6 4.g3 Ba6 5.Qa4 c5 6.Bg2 Bb7 7.dxc5 Bxc5 8.O-O O-O
9.Nc3 Ne4 10.Nxe4 Bxe4 11.Rd1 Qc8 12.Bf4 Nc6 13.a3 a5 14.Ne1 Bxg2 15.Kxg2 Rd8
16.Nd3 Nd4 17.Rd2 Qc6+ 18.Qxc6 dxc6 19.Nxc5 bxc5 20.Rad1 f6 21.e3 e5 22.exd4 cxd4
23.Be3 Rdb8 24.Bxd4 exd4 25.c5 Rb5 26.Rxd4 Rxc5 27.Rd7 a4 28.Rc7 Rd5 29.Re1 Re5
30.Rxe5 fxe5 31.Rxc6 Rb8 32.Rc2 Rb3 33.Re2 Rb5 34.Kf3 Kf7 35.Ke4 Ke6 36.Rc2 Kd6
37.h4 g6 38.f3 Kd7 39.g4 Kd6 40.Rh2 Rd5 41.h5 Rd4+ 42.Ke3 Ke6 43.h6 Rc4 44.Rd2 Rc8
45.Kd3 Kd5 46.Ke2+ Ke6 47.Ke3 g5 48.Kd3 Kd5 49.Ke2+ Ke6 50.Ke3 Rb8 51.Ke4 Rc8
52.Rd3 Rc2 53.b4 axb3 54.Rxb3 Rc4+ 55.Ke3 Ra4 56.Rb6+ Kf7 57.Rb4 Rxa3+ 58.Ke4 Kg6
59.Rb6+ Kf7 60.Rc6 Rb3 61.Ra6 Rc3 62.Kf5 Rxf3+ 63.Kxg5 e4 64.Ra7+ Kg8 65.Rg7+ Kh8
66.Re7 Rf8 67.Rxe4 Kg8 68.Kh4 Rf1 69.g5 Rf8 70.Kg4 Rf1 71.Re6 Rf2 72.Rb6 Rf1
73.Rb7 Rf7 74.Rb6 Rf8 75.Rf6 Rxf6 76.gxf6 Kf7 77.Kf5 Kf8  1/2-1/2

[Event "USA-op Los Angeles"]
[Site "Los Angeles"]
[Date "1991.??.??"]
[Round "?"]
[White "Lputian, Smbat G"]
[Black "Freeman, Michael J"]
[Result "1-0"]
[WhiteElo "2570"]
[BlackElo "2230"]

1.d4 e6 2.e4 d5 3.Nc3 Bb4 4.e5 c5 5.a3 Bxc3+ 6.bxc3 Qc7 7.Nf3 Ne7 8.a4 b6
9.Bb5+ Bd7 10.Bd3 Nbc6 11.O-O h6 12.Re1 Na5 13.h4 c4 14.Bf1 O-O-O 15.h5 Kb7
16.g3 Ka8 17.Nh4 Bc8 18.Ba3 Rhg8 19.Qf3 Nec6 20.Ng2 Bb7 21.Ne3 Qd7 22.Qe2 Qe8
23.Bg2 Rd7 24.f4 Nd8 25.f5 Rc7 26.Qf3 Qc6 27.Qf4 Qe8 28.f6 g5 29.hxg6 Rxg6
30.Kf2 Rc8 31.Rh1 Qxa4 32.Bf8 Qd7 33.Bxh6 Ndc6 34.Bg7 Rg8 35.Rh7 a6 36.Bf3 Qe8
37.Bh5 Ne7 38.g4 Ka7 39.fxe7 R6xg7 40.Rxg7 Rxg7 41.Qh6 Rg8 42.Qf6  1-0

[Event "USA-op Los Angeles"]
[Site "Los Angeles"]
[Date "1991.??.??"]
[Round "?"]
[White "Lputian, Smbat G"]
[Black "Burnett, Ronald"]
[Result "1-0"]
[WhiteElo "2570"]
[BlackElo "2325"]

1.d4 Nf6 2.c4 e6 3.Nf3 b6 4.g3 Ba6 5.Qa4 c5 6.Bg2 Bb7 7.dxc5 Bxc5 8.O-O O-O
9.Nc3 Be7 10.Rd1 Na6 11.Bf4 Nc5 12.Qc2 Nfe4 13.Nd4 Nxc3 14.Qxc3 Bxg2 15.Kxg2 Qc8
16.f3 a6 17.Rac1 d6 18.e4 Qc7 19.b4 Nd7 20.Nb3 a5 21.bxa5 bxa5 22.c5 a4 23.Nd4 Nxc5
24.Nb5 Qa5 25.Nxd6 Qxc3 26.Rxc3 Na6 27.Rc4 Rfd8 28.e5 f6 29.h4 a3 30.Kh3 Rab8
31.Rdd4 Rb2 32.Nc8 Rxd4 33.Nxe7+ Kf7 34.Rxd4 Kxe7 35.exf6+ Kxf6 36.Bd6 Nb8
37.Rf4+ Kg6 38.Be5 Nc6 39.Rg4+  1-0

[Event "USA-op Los Angeles"]
[Site "Los Angeles"]
[Date "1991.??.??"]
[Round "?"]
[White "Root, Douglas"]
[Black "Lputian, Smbat G"]
[Result "0-1"]
[WhiteElo "2460"]
[BlackElo "2570"]

1.d4 Nf6 2.Nf3 g6 3.c4 Bg7 4.Nc3 d5 5.cxd5 Nxd5 6.e4 Nxc3 7.bxc3 c5 8.Be3 Nc6
9.Rc1 cxd4 10.cxd4 Qa5+ 11.Bd2 Qxa2 12.d5 Ne5 13.Nxe5 Bxe5 14.Bb5+ Bd7 15.Bxd7+ Kxd7
16.Qg4+ Kd8 17.Qg5 f6 18.Qe3 Qa6 19.f4 Bc7 20.e5 Bb6 21.Qh3 fxe5 22.d6 Qa4
23.dxe7+ Kxe7 24.Qh4+ Kf7 25.Rf1 Qe4+ 26.Kd1 Qxg2 27.Rf2 Qg1+ 28.Be1 Rhd8+
29.Ke2 Kg8 30.Qh3 Re8 31.f5 Bxf2 32.Bd2 Be1 33.Be3 Qh1 34.Rc7 h5 35.f6 Bb4
36.Qg3 Qb1 37.f7+ Kh8 38.fxe8=Q+ Rxe8 39.Qg5 Qe1+ 40.Kd3 Qf1+ 41.Ke4 Qb1+
42.Kf3 Rf8+ 43.Kg3 Qe1+ 44.Kh3 Qf1+  0-1

[Event "USA-op Los Angeles"]
[Site "Los Angeles"]
[Date "1991.??.??"]
[Round "?"]
[White "Morgan, Matthew"]
[Black "Lputian, Smbat G"]
[Result "0-1"]
[WhiteElo "2335"]
[BlackElo "2570"]

1.e4 e6 2.d4 d5 3.Nc3 Bb4 4.e5 c5 5.a3 Bxc3+ 6.bxc3 Ne7 7.Qg4 O-O 8.Nf3 Nbc6
9.Bd3 f5 10.exf6 Rxf6 11.Qh5 h6 12.Ne5 c4 13.Bg5 Nxe5 14.dxe5 Rf8 15.Bg6 Qc7
16.Bxe7 Qxe7 17.h4 Bd7 18.O-O Be8 19.Bxe8 Raxe8 20.f4 Rd8 21.Qg6 d4 22.Qe4 d3
23.Qxc4 dxc2 24.Rac1 Rd2 25.f5 b6 26.Kh2 Rf7 27.Qf4 Qd8 28.f6 Qd5 29.Qg4 Qxe5+
30.Kh1 Rxf6 31.Rxf6 Qxf6 32.c4 Rd4  0-1

[Event "Rimavska Sobota"]
[Site "Rimavska Sobota"]
[Date "1991.??.??"]
[Round "1"]
[White "Lputian, Smbat G"]
[Black "Plachetka, Jan"]
[Result "0-1"]
[WhiteElo "2565"]
[BlackElo "2425"]

1.Nf3 c5 2.g3 g6 3.Bg2 Bg7 4.O-O Nc6 5.c4 e6 6.Nc3 Nge7 7.d3 O-O 8.Bd2 b6
9.a3 Bb7 10.Rb1 d5 11.cxd5 Nxd5 12.Nxd5 Qxd5 13.b4 cxb4 14.axb4 Nd4 15.b5 e5
16.Be3 Rfc8 17.Bxd4 exd4 18.Rb4 Rc5 19.Qa4 Qd7 20.h4 Qe7 21.Re1 a5 22.bxa6 Rxa6
23.Qb3 Bd5 24.Qb1 Qb7 25.Bf1 Bxf3 26.exf3 Qxf3 27.Rxb6 Rxb6 28.Re8+ Bf8 29.Qxb6 Kg7
30.Re4 Qd1 31.Rf4 Be7 32.Qb7 Rc1 33.Qg2 Qxd3 34.h5 f5 35.hxg6 hxg6 36.g4 Bd6
37.gxf5 Qxf1+ 38.Qxf1 Rxf1+ 39.Kxf1 Bxf4  0-1

[Event "Rimavska Sobota"]
[Site "Rimavska Sobota"]
[Date "1991.??.??"]
[Round "3"]
[White "Lputian, Smbat G"]
[Black "Lutz, Christopher"]
[Result "1/2-1/2"]
[WhiteElo "2565"]
[BlackElo "2500"]

1.d4 Nf6 2.c4 g6 3.Nc3 d5 4.Nf3 Bg7 5.Qb3 dxc4 6.Qxc4 O-O 7.e4 a6 8.e5 b5
9.Qb3 Nfd7 10.h4 c5 11.e6 cxd4 12.exd7 Bb7 13.Ne2 e5 14.h5 d3 15.hxg6 hxg6
16.Ng5 e4 17.Ne6 fxe6 18.Qxe6+ Rf7 19.Qe8+ Rf8 20.Qe6+ Rf7 21.Qe8+ Rf8 22.Qxg6 Nxd7
23.Qh7+ Kf7 24.Nf4 Rc8 25.Qg6+ Kg8 26.Qh7+ Kf7 27.Bd2 Qf6 28.Qh5+ Kg8 29.Qh7+ Kf7
30.Qh5+ Kg8 31.Qh7+  1/2-1/2

[Event "Rimavska Sobota"]
[Site "Rimavska Sobota"]
[Date "1991.??.??"]
[Round "7"]
[White "Lputian, Smbat G"]
[Black "Fries Nielsen, Jens Ove"]
[Result "1-0"]
[WhiteElo "2565"]
[BlackElo "2415"]

1.d4 Nf6 2.c4 e6 3.Nf3 b6 4.g3 Bb7 5.Bg2 Bb4+ 6.Bd2 Bxd2+ 7.Qxd2 O-O 8.O-O d5
9.cxd5 exd5 10.Nc3 Na6 11.Rfd1 Qe7 12.Nh4 g6 13.Qg5 Rfe8 14.Nf5 Qd8 15.Ne3 c6
16.h4 Nc7 17.Ng4 Nxg4 18.Qxg4 h5 19.Qf4 Ne6 20.Qd2 Ng7 21.b4 Nf5 22.a4 Nd6
23.b5 cxb5 24.axb5 Ne4 25.Bxe4 dxe4 26.Qe3 Qd6 27.Ra4 Re7 28.d5 f5 29.Rc4 Rg7
30.Rdd4 Rd8 31.Qg5 Rf8 32.e3 Kh7 33.Ne2 Rc8 34.Nf4 Rc5 35.Rxc5 bxc5 36.Ra4 Bc8
37.Kg2 Rc7 38.Rc4 Rg7 39.g4 hxg4 40.h5 gxh5 41.Qxh5+ Qh6 42.Rxc5 Bd7 43.Rc7 Bxb5
44.Qxf5+ Kh8 45.Rc8+ Rg8  1-0

[Event "Rimavska Sobota"]
[Site "Rimavska Sobota"]
[Date "1991.??.??"]
[Round "8"]
[White "Gross, Stefan"]
[Black "Lputian, Smbat G"]
[Result "0-1"]
[WhiteElo "2435"]
[BlackElo "2565"]

1.c4 c5 2.g3 Nf6 3.Bg2 Nc6 4.Nf3 d5 5.cxd5 Nxd5 6.Nc3 Nc7 7.d3 e5 8.O-O Be7
9.Nd2 O-O 10.Bxc6 bxc6 11.Nc4 f6 12.Qa4 Bh3 13.Re1 Qd7 14.Be3 Kh8 15.Rac1 Nd5
16.Ne4 Nxe3 17.Nxe3 Qd4 18.Qxc6 f5 19.Nc3 f4 20.Ned1 Bg5 21.Rc2 Rac8 22.Qb7 c4
23.Nb5 Qd8 24.Ndc3 a6 25.Na3 cxd3 26.exd3 Qxd3 27.Qe4 Qd7 28.Rd1 Qf7 29.Qxe5 fxg3
30.Qxg3 Bf5 31.Re2 Qh5 32.Ree1 Qh6 33.Nd5 Rcd8 34.Ne7 Bh3 35.Nc4 Bf4 36.Nf5 Bxf5  0-1

[Event "Rimavska Sobota"]
[Site "Rimavska Sobota"]
[Date "1991.??.??"]
[Round "10"]
[White "Lputian, Smbat G"]
[Black "Tseitlin, Mikhail S"]
[Result "1-0"]
[WhiteElo "2565"]
[BlackElo "2490"]

1.d4 d5 2.c4 e6 3.Nc3 c5 4.cxd5 exd5 5.Nf3 Nc6 6.Bg5 f6 7.Be3 c4 8.g3 Bb4
9.Bg2 Nge7 10.O-O O-O 11.Ne1 Bf5 12.Nc2 Ba5 13.f3 b5 14.Bf2 b4 15.Na4 Bb6
16.e4 Be6 17.Re1 Re8 18.Bf1 Rc8 19.Rc1 Bf7 20.exd5 Qxd5 21.Nxb6 axb6 22.Ne3 Qxd4
23.Nxc4 Qxd1 24.Rcxd1 Nd5 25.Rxe8+ Rxe8 26.Nd6 Rd8 27.Nxf7 Kxf7 28.Bc4 Ke6
29.Bxb6 Rd7 30.Kf2 Ne7 31.Ba5 Nc6 32.Bb6 Ne7 33.Bc5 Rc7 34.Re1+ Kd7 35.Bb5+ Kc8
36.Bd6 Ra7 37.a4 bxa3 38.bxa3 Nf5 39.Re8+ Kb7 40.Rb8+  1-0

[Event "Rimavska Sobota"]
[Site "Rimavska Sobota"]
[Date "1991.??.??"]
[Round "12"]
[White "Lputian, Smbat G"]
[Black "Csom, Istvan"]
[Result "1-0"]
[WhiteElo "2565"]
[BlackElo "2480"]

1.d4 Nf6 2.Nf3 e6 3.c4 b6 4.g3 Ba6 5.Qa4 Bb7 6.Bg2 c5 7.dxc5 bxc5 8.O-O Be7
9.Nc3 O-O 10.Rd1 Qb6 11.Bf4 d6 12.Rd2 h6 13.h3 Nh5 14.Be3 a6 15.a3 Qc7 16.g4 Nf6
17.Bf4 Nbd7 18.Qc2 Rab8 19.Rad1 Bxf3 20.exf3 Ne5 21.Na4 Rfd8 22.Be3 Nc6 23.f4 Na5
24.Rd3 Ne8 25.Rb1 Rdc8 26.Rbd1 Rd8 27.b3 Bf6 28.g5 hxg5 29.fxg5 Be5 30.f4 Bd4
31.Bxd4 cxd4 32.c5 dxc5 33.Qxc5 Rxb3 34.Rxd4 Rxd4 35.Rxd4 Qxc5 36.Nxc5 Rxa3
37.Rd8 Kf8 38.Ra8 Rc3 39.Nxa6 g6 40.Nb4 Rc5 41.Nd3 Rc3 42.Ne5 Ra3 43.Kh2 Ra1
44.Bc6 Nxc6 45.Rxa1 Nxe5 46.fxe5 Ng7 47.Ra8+ Ke7 48.h4 Nh5 49.Kh3 Nf4+ 50.Kg4 Nd5
51.h5 gxh5+ 52.Kxh5 Nf4+ 53.Kh6 Ng6 54.Ra5 Nh4 55.Kg7 Nf3 56.Ra7+  1-0

[Event "EU-chT (Men)"]
[Site "Debrecen"]
[Date "1992.??.??"]
[Round "1"]
[White "Lputian, Smbat G"]
[Black "Skembris, Spyridon"]
[Result "1/2-1/2"]
[WhiteElo "2560"]
[BlackElo "2530"]

1.d4 Nf6 2.c4 c6 3.Nc3 d5 4.e3 a6 5.Nf3 b5 6.cxd5 cxd5 7.Bd3 e6 8.O-O Bd6
9.Qe2 Bb7 10.Bd2 O-O 11.Ne5 Ne4 12.f4 f6 13.Ng4 f5 14.Ne5 Nxd2 15.Qxd2 Nd7
16.a4 b4 17.Na2 a5 18.Nc1 Nxe5 19.fxe5 Be7 20.Bb5 Ba6 21.Bxa6 Rxa6 22.Nb3 Rc6
23.Rfc1 Rc4 24.Qe2 Qc7 25.Rxc4 dxc4 26.Rc1 c3 27.bxc3 bxc3 28.Qa6 f4 29.exf4 c2
30.Qd3 Rc8 31.Na1 Qc4 32.Qxc4 Rxc4 33.Rxc2  1/2-1/2

[Event "EU-chT (Men)"]
[Site "Debrecen"]
[Date "1992.??.??"]
[Round "5"]
[White "Nijboer, Friso"]
[Black "Lputian, Smbat G"]
[Result "1/2-1/2"]
[WhiteElo "2455"]
[BlackElo "2560"]

1.e4 e6 2.d4 d5 3.Nc3 Bb4 4.e5 c5 5.a3 Bxc3+ 6.bxc3 Ne7 7.Qg4 O-O 8.Bd3 Nbc6
9.Nf3 f5 10.exf6 Rxf6 11.Bg5 Rf7 12.Bxe7 Rxe7 13.Qh4 h6 14.O-O c4 15.Bg6 Bd7
16.Rae1 Be8 17.Bxe8 Rxe8 18.Qg4 Qd6 19.a4 Rad8 20.Re3 Qa3 21.Rfe1 Qxa4 22.Rxe6 Rxe6
23.Qxe6+ Kh8 24.Qg6 Qa3 25.Qf7 Qxc3 26.Re8+  1/2-1/2

[Event "EU-chT (Men)"]
[Site "Debrecen"]
[Date "1992.??.??"]
[Round "7"]
[White "Lputian, Smbat G"]
[Black "Donchev, Dimitar I"]
[Result "0-1"]
[WhiteElo "2560"]
[BlackElo "2520"]

1.d4 Nf6 2.c4 g6 3.Nc3 d5 4.cxd5 Nxd5 5.Bd2 Bg7 6.e4 Nxc3 7.Bxc3 O-O 8.Nf3 Bg4
9.Be2 e6 10.Qd2 c5 11.dxc5 Qxd2+ 12.Kxd2 Rd8+ 13.Kc2 Rc8 14.b4 a5 15.a3 b6
16.Rhd1 Ra7 17.Kb2 Bxc3+ 18.Kxc3 Bxf3 19.gxf3 Nd7 20.Kb3 bxc5 21.b5 Kf8 22.Rd6 Ke7
23.Rad1 c4+ 24.Kc3 g5 25.R1d4 Rb7 26.Rc6 Rd8 27.Bxc4 Ne5 28.Rxd8 Kxd8 29.Rc5 f6
30.Bxe6 Ke7 31.Bd5 Kd6 32.Rc8 Rxb5 33.Ra8 Nxf3 34.Ra6+ Ke7 35.Re6+ Kd7 36.Rxf6 Nxh2
37.Rh6 Ng4 38.Rxh7+ Kd6  0-1

[Event "Dortmund op-A"]
[Site "Dortmund"]
[Date "1992.??.??"]
[Round "1"]
[White "Lputian, Smbat G"]
[Black "Schmedders, Hans Gerd"]
[Result "1-0"]
[WhiteElo "2560"]
[BlackElo "2300"]

1.d4 d5 2.c4 Bf5 3.cxd5 Bxb1 4.Qa4+ c6 5.Rxb1 Qxd5 6.Nf3 Nd7 7.Bd2 Ngf6 8.e3 e6
9.Qc2 Be7 10.Bd3 c5 11.e4 Qc6 12.Rc1 Qb6 13.O-O cxd4 14.Qa4 Qd8 15.e5 Nd5
16.Qxd4 Qb6 17.Qg4 g6 18.Bc4 Rd8 19.Bxd5 exd5 20.Be3 Bc5 21.e6 fxe6 22.Bxc5 Nxc5
23.Qd4  1-0

[Event "Dortmund op-A"]
[Site "Dortmund"]
[Date "1992.??.??"]
[Round "6"]
[White "Lputian, Smbat G"]
[Black "Azmaiparashvili, Zurab"]
[Result "1-0"]
[WhiteElo "2560"]
[BlackElo "2610"]

1.d4 d5 2.c4 c6 3.Nc3 e6 4.Nf3 dxc4 5.a4 Bb4 6.e4 Nf6 7.e5 Nd5 8.Bd2 b5 9.axb5 Bxc3
10.bxc3 cxb5 11.Ng5 O-O 12.Qb1 g6 13.h4 b4 14.h5 bxc3 15.Bc1 f5 16.hxg6 Nc6
17.Bxc4 Nxd4 18.Qd3 Nb4 19.Qh3 Ndc2+ 20.Ke2 Qc7 21.Qxc3 Nd5 22.Qxc2 Qxe5+
23.Kf1 Qxa1 24.gxh7+ Kg7 25.Bxd5 Ba6+ 26.Kg1 Rac8 27.Nxe6+  1-0